000 00680nam a2200205Ia 4500
003 IN-BaIIA
008 211028s9999 xx 000 0 eng d
040 _cIIA Library
080 _a017.091 INS-4
110 _aIndian National Scientific Documentation Centre
_910754
245 0 _aNational union catalogue of scientific serials in India
_bvol. 4
_cIndian National Scientific Documentation Centre
260 _aNew Delhi
_bINSDOC
_c1988
300 _axiviii,507
650 _aIndian Periodicals
_916158
650 _aNASA Thesaurus
650 _aScientific Serials
_916159
650 _aSerials
_916160
650 _aUnion List
_916161
942 _cBK
999 _c9590
_d9590